Statistics for Marking time

Click here to take the quiz!

General Stats

  • This quiz has been taken 21 times
  • The average score is 3 of 12

Answer Stats

QuestionAnswer% Correct
According to the Wimbledon Queueing Code of Conduct, when people are queueing for tickets to the tennis, what are they not allowed to do:Give their place in the queue to someone else
61%
What game was developed in the 20th century to entertain children during long journeys or waiting times?I-spy
61%
In what sort of publication would you find tidal times, a farmer's planting dates, lunar cycles, and the hours of sunrise and sunset?Almanac
50%
What is a moveable feast?A religious festival held according to the lunar calendar
33%
When and where did the law first limit the working day to eight hours?1593 in Spain
28%
The world's longest non-stop passenger flight is New York to Singapore on Singapore Airlines. How long is the flight scheduled to take?18 hours and 50 minutes
28%
How did Robinson Crusoe keep track of the date?Each day he marked a notch in a wooden cross that he had carved the day of his arrival
28%
Warner Brothers cartoon characters Ralph the wolf and Sam the sheepdog spend their days hunting and protecting a flock of sheep respectively. At the end of the working day they punch their cards on the time clock and greet the night shift, who are:Fred and George
28%
What is the interval between successive births for a gorilla mother?12 to 18 months
17%
What is the standard internet date format?yyyy-mm-dd
11%
Pete Seeger's song Turn Turn Turn, which was a hit for The Byrds in 1965, takes its lyrics from Ecclesiastes. In the song, what follows 'A time to rend, and a time to sew'?a time to keep silence, and a time to speak
0%
In the Chronicles of Narnia, Father Time lay asleep in the Underland. What did he do when Aslan woke him?Destroyed the sun
0%

Score Distribution

Percentile by Number Answered

Percent of People with Each Score

Your Score History

You have not taken this quiz